| 000 | 02761cam a2200421 i 4500 | ||
|---|---|---|---|
| 999 |
_c329676 _d329676 |
||
| 001 | 17725284 | ||
| 003 | NUST | ||
| 005 | 20170517155020.0 | ||
| 008 | 130501s2014 ilua b 001 0 eng | ||
| 010 | _a 2013017879 | ||
| 020 | _a9780736093408 (print) | ||
| 020 | _a0736093400 (print) | ||
| 035 | _a(DNLM)101607317 | ||
| 040 |
_aDNLM/DLC _cRCMS _erda _dDLC |
||
| 042 | _apcc | ||
| 050 | 0 | 0 |
_aQP303 _b.R585 2014 |
| 060 | 1 | 0 | _aWE 103 |
| 082 | 0 | 0 |
_a612.7/6072 _223 |
| 100 | 1 |
_aD. Gordon E. Robertson _d1950- _eauthor. _9993 |
|
| 245 | 1 | 0 |
_aResearch methods in biomechanics / _cD. Gordon E. Robertson, University of Ottawa, Graham E. Caldwell, University of Massachusetts, Amherst, Joseph Hamill, University of Massachusetts, Gary Kamen, University of Massachusetts, Saunders N. Whittlesey. |
| 250 | _aSecond edition. | ||
| 264 | 1 |
_aChampaign, Illinois: _bHuman Kinetics, _cc2014. |
|
| 300 |
_axii, 428 pages : _billustrations ; _c29 cm |
||
| 336 |
_atext _2rdacontent |
||
| 337 |
_aunmediated _2rdamedia |
||
| 338 |
_avolume _2rdacarrier |
||
| 504 | _aIncludes bibliographical references (pages 395-413) and index. | ||
| 505 | 0 | _aPlanar kinematics / D. Gordon E. Robertson and Graham E. Caldwell -- Three-dimensional kinematics / Joseph Hamill, W. Scott Selbie, and Thomas M. Kepple -- Body segment parameters / D. Gordon E. Robertson -- Forces and their measurement / Graham E. Caldwell, D. Gordon E. Robertson, and Saunders N. Whittlesey -- Two-dimensional inverse dynamics / Saunders N. Whittlesey and D. Gordon E. Robertson -- Energy, work, and power / D. Gordon E. Robertson -- Three-dimensional kinetics / W. Scott Selbie, Joseph Hamill, and Thomas Kepple -- Electromyographic kinesiology / Gary Kamen -- Muscle modeling / Graham E. Caldwell -- Computer simulation of human movement / S.N. Whittlesey and J. Hamill -- Musculoskeletal modeling / Brian R. Umberger and Graham E. Caldwell -- Signal processing / Timothy R. Derrick and D. Gordon E. Robertson -- Dynamical systems analysis of coordination / Richard E.A. Van Emmerik, Ross H. Miller, and Joseph Hamill -- Analysis of biomechanical waveform data / Kevin J. Deluzio, Andrew J. Harrison, Norma Coffey, and Graham E. Caldwell. | |
| 538 | _iShelf # 11, Row # 6, Mechanical & Aerospace. | ||
| 650 | 1 | 2 |
_aBiomechanics. _9994 |
| 650 | 2 | 2 |
_aResearch Design. _9995 |
| 700 | 1 |
_aGraham E. Caldwell _d1954- _eauthor. _9996 |
|
| 700 | 1 |
_aHamill, Joseph, _d1946- _eauthor. _9997 |
|
| 700 | 1 |
_aKamen, Gary, _eauthor. _9998 |
|
| 700 | 1 |
_aWhittlesey, Saunders N., _eauthor. _9999 |
|
| 856 | _3Table of Contents Only. | ||
| 906 |
_a7 _bcbc _corignew _d1 _eecip _f20 _gy-gencatlg |
||
| 942 |
_2ddc _cBK |
||